Normal view
MARC view
- McNeilly, T
Entry Personal Name
001 - CONTROL NUMBER
- control field: 5025
003 - CONTROL NUMBER IDENTIFIER
- control field: OSt
005 - DATE AND TIME OF LATEST TRANSACTION
- control field: 20170516122359.0
008 - FIXED-LENGTH DATA ELEMENTS
- fixed length control field: 170516|| aca||aabn | a|a d
040 ## - CATALOGING SOURCE
- Original cataloging agency: OSt
- Transcribing agency: OSt
100 ## - HEADING--PERSONAL NAME
- Personal name: McNeilly, T
670 ## - SOURCE DATA FOUND
- Source citation: Work cat.: (OSt)0: Bradshaw, A. D. (Anthony David) 5022, Kajian dalam biologi :, 1989

PORTAL AKMAL
E-MEL JKDM
AKMAL2U
G-BAM
u-PUSTAKA